000 00216nam a22000857a 4500
008 161124b xxu||||| |||| 00| 0 eng d
100 _91365
_aBPI India
245 _aThe Silly Friends
260 _aNew Delhi
_bBPI India
_c2011
999 _c4078
_d4078